000 00320nam a2200121Ia 4500
008 241102s9999||||xx |||||||||||||| ||und||
060 _aWO 101
_b.T46 1951
100 _aThorek, Philip.
245 0 _aAnatomy in surgery.
260 _aPhiladelphia,
_bLippincott
_c[c1951]
300 _axxiv, 970 p.
_bill.
942 _bDMC
_cBK
999 _c20622
_d20622